| 000 | 00702cab a2200277 4500 | ||
|---|---|---|---|
| 001 | ABS60559 | ||
| 008 | 090401t1999 xxu||||| |||| 00| 0 eng d | ||
| 035 | _a(Sirsi) u93099 | ||
| 041 | _aeng | ||
| 100 | _aJones, G. | ||
| 245 | _aSurveying the field | ||
| 260 | _c1999 | ||
| 350 | _a0 | ||
| 490 |
_aPlanning (for the Natural and Built Environment) _v(1315) 23 April 1999, 17(1) |
||
| 650 | _aDEMOGRAPHICS | ||
| 650 | _aLEISURE | ||
| 650 | _aLOCAL NEEDS | ||
| 650 | _aLOCAL DEVELOPMENT PLANS | ||
| 650 | _aPLAYING FIELDS | ||
| 650 | _aPOPULATION | ||
| 650 | _aRECREATION | ||
| 650 | _aSPORTS FACILITIES | ||
| 690 | _aPLANNING LAW AND PRACTICE | ||
| 942 | _n0 | ||
| 948 | _c30/04/1999 | ||
| 999 |
_c59002 _d59002 |
||